Bundesliga Stadien Saison 23/24 - Statistiken

Allgemein
  • Dieses Quiz wurde 280 mal gespielt
  • Das Durchschnittsergebnis liegt bei 12 aus 18
Antwortstatistiken
Verein Stadion Kapazität % Korrekt
Borussia Dortmund Signal-Iduna-Park 81.365
95%
FC Bayern München Allianz-Arena 75.024
91%
1.FC Union Berlin Stadion An der Alten Försterei 22.012
88%
SV Werder Bremen Wohninvest Weserstadion 42.100
86%
Eintracht Frankfurt Deutsche-Bank-Park 58.000
79%
Bayer 04 Leverkusen BayArena 30.210
77%
RB Leipzig Red-Bull-Arena 47.069
76%
Borussia Mönchengladbach Borussia-Park 54.042
69%
VfB Stuttgart MHP-Arena 60.449
69%
1.FC Köln Rhein-Energie-Stadion 50.000
67%
VfL Wolfsburg Volkswagen-Arena 28.736
63%
FC Augsburg WWK-Arena 30.660
63%
SC Freiburg Europa-Park-Stadion 34.700
59%
VfL Bochum Vonovia Ruhrstadion 26.000
55%
1.FSV Mainz 05 Mewa-Arena 33.305
51%
TSG 1899 Hoffenheim PreZero-Arena 30.150
46%
SV Darmstadt 98 Merck-Stadion am Böllenfalltor 17.810
45%
1.FC Heidenheim Voith-Arena 15.000
31%
Keine übereinstimmenden Quizze gefunden
Verteilung der Resultate
Anzahl Personen mit jedem Resultat
Perzentil nach korrekt beantworteten Fragen
Ihre Resultats-Entwicklung
Sie haben dieses Quiz noch nicht gespielt